Diseño en maderas
Uloženo v:
| Hlavní autor: | |
|---|---|
| Médium: | Kniha |
| Jazyk: | španělština |
| Vydáno: |
Santiago
Universidad Católica de Chile
1977
|
| Témata: | |
| Tagy: |
Přidat tag
Žádné tagy, Buďte první, kdo vytvoří štítek k tomuto záznamu!
|
MARC
| LEADER | 00000nam a2200000 a 4500 | ||
|---|---|---|---|
| 001 | UCU5875 | ||
| 003 | CL-VaPUC | ||
| 008 | 960614e19770000CL |||||||||||||||||spa|d | ||
| 082 | 0 | 4 | |a 624.184 |b PIE |2 21 |
| 100 | 0 | |a Piera Godoy, Cristián |e author |9 363932 | |
| 245 | 1 | 0 | |a Diseño en maderas |
| 300 | |a 96 p | ||
| 942 | |c BK | ||
| 945 | |d 19960614 00:00:00 |a cmena | ||
| 260 | |a Santiago |b Universidad Católica de Chile |c 1977 | ||
| 650 | 0 | |a Estructuras-construcción |9 262358 | |
| 650 | 7 | |a TECNOLOGIA DE LA CONSTRUCCION |2 CL-VaPUC |9 260196 | |
| 650 | 0 | |a Madera |9 262357 | |
| 650 | 7 | |a MADERA DE CONSTRUCCION |2 CL-VaPUC |9 337364 | |
| 650 | 0 | |a Elementos estructurales |9 350100 | |
| 650 | 0 | |a Propiedades mecánicas |9 262507 | |
| 583 | |a last modification |c 19960614 00:00:00 |k Rodrigo Vera | ||
| 999 | |c 249032 |d 249030 | ||